Premier League 20 Seasons Awards - Statistics

General Stats
  • This quiz has been taken 1,030 times
    1,002 since last reset
  • The average score is 8 of 19
Answer Stats
Hint Answer % Correct
Best Manager Sir Alex Ferguson
96%
Top Goalscorer Alan Shearer
80%
Best Player Ryan Giggs
80%
Most Appearances Ryan Giggs
80%
Premier League 500 Club (Played 500 games) Ryan Giggs
80%
Best Team Arsenal's Invincibles
75%
Best Goal Wayne Rooney v Man City
52%
Premier League 500 Club (Played 500 games) Frank Lampard
50%
Premier League 500 Club (Played 500 games) Gareth Barry
35%
Most Clean Sheets David James
34%
Premier League 500 Club (Played 500 games) David James
34%
Best Goal Celebration Eric Cantona v Sunderland
23%
Premier League 500 Club (Played 500 games) Gary Speed
19%
Best Season 2011–12 season
7%
Premier League 500 Club (Played 500 games) Sol Campbell
7%
Best Save Craig Gordon v Bolton
6%
Most Memorable Quote I would love it if we beat them. Love it
6%
Premier League 500 Club (Played 500 games) Emile Heskey
5%
Best Match Manchester United 4 Man City 3
2%
No matching quizzes found
Score Distribution
Percent of People with Each Score
Percentile by Number Answered
Your Score History
You have not taken this quiz since the last reset